Statistics for Top 10 Celtic FC Goalscorers

Click here to take the quiz!

General Stats

  • This quiz has been taken 2,247 times
    (2,246 since last reset)
  • The average score is 4 of 10

Answer Stats

PlacePlayers# Goals% Correct
3Henrik Larsson242
97%
1Jimmy McGrory468
66%
2Bobby Lennox273
55%
4Stevie Chalmers231
43%
10Kenny Dalglish167
36%
7John Hughes189
18%
5Jimmy Quinn217
16%
6Patsy Gallacher192
14%
9Jimmy McMenemy168
6%
8Sandy McMahon171
6%

Score Distribution

Percentile by Number Answered

Percent of People with Each Score

Your Score History

You have not taken this quiz since the last reset